000 00868nas a2200277 4500
001 BR9002280
003 BR-BrBNA
005 20231205091847.0
007 ta
008 230509b bl.|||p| |||| 00| 00por d
040 _aBR-BrBNA
_bpor
_cBiblioteca Nacional de Agricultura
041 _a(Pt)
072 _aF04; P35
100 1 _aGoedert, W.J.
100 1 _aRein, T.A.
100 1 _aSouza, D.M.G. de
245 1 _aEficiencia agronomica de fosfatos naturais, fosfatos parcialmente acidulados e termofosfatos em solo de cerrado
650 _aSOJA
650 _aFERTILIZANTE FOSFATADO
650 _aPRODUTIVIDADE
650 _aFERTILIDADE DO SOLO
650 _aCERRADO
773 0 _tPesquisa Agropecuaria Brasileira (Brazil)
_xISSN 0100-204X
_g(Apr 1990), v. 25(4) p. 521-530
_wBR9002280
909 _a202311
_bLúcia
_c55
_dLúcia Elande
942 _2AGRIS
_n0
_cANA
999 _c127805
_d127805